La comunión de los santos

Zapisane w:
Opis bibliograficzny
1. autor: Colzani, Gianni (Autor)
Format: Książka
Język:hiszpański
Wydane: Santander Sal Terrae 1986
Wydanie:1a. ed
Seria:Colección Alcance, 39
Hasła przedmiotowe:
Etykiety: Dodaj etykietę
Nie ma etykietki, Dołącz pierwszą etykiete!

MARC

LEADER 00000cam a2200000 a 4500
001 UCE7261
003 CL-VaPUC
008 150529e19860000sp |||||||||||||||||spa|d
020 |a 8429307575 
082 0 4 |a 264  |b COL  |2 21 
100 0 |a Colzani, Gianni  |e author  |9 579940 
245 1 3 |a La comunión de los santos 
250 |a 1a. ed 
300 |a 1110p 
942 |c BK 
945 |d 20150529 15:00:00  |a gsalatino 
260 |a Santander  |b Sal Terrae  |c 1986 
650 0 |a Sagrada Comunión   |9 397959 
650 0 |a Cristología   |9 315091 
583 |a last modification  |c 20150601 02:44:22  |k Rodrigo Vera 
490 0 |a Colección Alcance, 39 
999 |c 359362  |d 359360 
952 |0 0  |1 0  |3 erb  |4 0  |6 264_000000000000000_COL_1986  |7 0  |8 A  |9 468521  |a BIBTEO  |b BIBTEO  |e Casale Rolle, Carlos Ignacio, -2014  |i 5182352  |l 1  |o 264 COL 1986  |p 5182352  |r 2025-01-17  |s 2024-11-04  |w 2019-11-23  |y BK  |z Catalogado en:20150529  |k ICR